Biological chemistry (Record no. 17295)

000 -LEADER
fixed length control field 00349nam a22001337a 4500
008 - FIXED-LENGTH DATA ELEMENTS--GENERAL INFORMATION
fixed length control field 150813t xxu||||| |||| 00| 0 eng d
020 ## - INTERNATIONAL STANDARD BOOK NUMBER
International Standard Book Number 978-81-8356-486-1
082 ## - DEWEY DECIMAL CLASSIFICATION NUMBER
Classification number 574.1
100 ## - MAIN ENTRY--PERSONAL NAME
Personal name Lata Bhattacharya
9 (RLIN) 1025
245 ## - TITLE STATEMENT
Title Biological chemistry
260 ## - PUBLICATION, DISTRIBUTION, ETC.
Place of publication, distribution, etc. New Delhi
Name of publisher, distributor, etc. Discovery publishing house pvt ltd
Date of publication, distribution, etc. 2009
300 ## - PHYSICAL DESCRIPTION
Extent 341
942 ## - ADDED ENTRY ELEMENTS (KOHA)
Source of classification or shelving scheme
Koha item type Book
Holdings
Withdrawn status Lost status Source of classification or shelving scheme Damaged status Not for loan Collection code Permanent Location Current Location Date acquired Total Checkouts Full call number Barcode Date last seen Price effective from Koha item type
            Central Library (CL) Central Library (CL) 08/13/2015   574.1 BHA ASAB1679 08/13/2015 08/13/2015 Book
© 2023 Central Library, National University of Sciences and Technology. All Rights Reserved.